000 00715nam a2200289Ia 4500
005 20260324115843.0
008 008 260324s9999 xx 000 0 eng d
020 _a9781315817767
037 _aEBOOK
040 _aCRL
040 _beng
040 _cCRL
041 _2eng
041 _aeng
084 _qCRL
100 _aHarold F. O'Neil; Eva L. Baker; Ray S. Perez
_91156261
245 0 _aUsing Games and Simulations for Teaching and Assessment
245 0 _bKey Issues
260 _bTaylor and Francis
260 _c2016
365 _a
365 _b265
856 _uhttp://www.taylorfrancis.com/books/9781315817767
942 _cEBOOK
999 _c1747446
_d1747446